000 00789nas a2200265 4500
001 BR8003795
003 BR-BrBNA
005 20231205084338.0
007 ta
008 230509b bl.|||p| |||| 00| 00por d
040 _aBR-BrBNA
_bpor
_cBiblioteca Nacional de Agricultura
041 _a(Pt)
072 _aH20
100 1 _aSouza Filho, B.F. de
100 1 _aOliveira, A.B. de
100 1 _aAmorim Neto, S.
100 1 _aFernandes, G.M.B.
245 1 _aAspectos patologicos do arroz no Norte Fluminense [Oryza sativa; Fungo; Rio de Janeiro; Brasil]
650 _aARROZ
650 _aFUNGO
650 _aRIO DE JANEIRO
773 0 _tLavoura (Brazil)
_xISSN 0023-9135
_g(Jan 1980), v. 83 p. 29-30
_wBR8003795
909 _a202311
_bLúcia
_c55
_dLúcia Elande
942 _2AGRIS
_n0
_cANA
999 _c104629
_d104629